L'isola Dei Monaci Senza Nome

Αποθηκεύτηκε σε:
Λεπτομέρειες βιβλιογραφικής εγγραφής
Κύριος συγγραφέας: Maecello Simoni
Μορφή: Βιβλίο
Γλώσσα:Άγνωστη γλώσσα
Έκδοση: New Compton Editore
Ετικέτες: Προσθήκη ετικέτας
Δεν υπάρχουν, Καταχωρήστε ετικέτα πρώτοι!

MARC

LEADER 00000nam a2200000Ia 4500
001 R-495
003 CODICE-MESSINA
005 20260212102452.0
008 260211s9999 xx 000 0 und d
040 |c importazione_messina 
100 |a Maecello Simoni 
245 0 |a L'isola Dei Monaci Senza Nome 
260 |b New Compton Editore 
942 |2 ddc  |c BK 
952 |0 0  |1 0  |2 ddc  |4 0  |7 0  |9 31315  |a ME  |b ME  |d 2026-02-11  |l 0  |o  -   |p R-495  |r 2026-02-11 23:52:28  |w 2026-02-11  |x [REVISIONARE]  |y BK 
999 |c 26979  |d 26979